Statistics for Zucke Legende

Click here to take the quiz!

General Stats

  • This quiz has been taken 6 times
  • The average score is 10 of 15

Answer Stats

QuestionAnswer% Correct
Mujta je pre svegaPeder
100%
Original Zastava Sencap saveza
83%
Baba Droga se igra sa MINIMUM...3 igraca
83%
Ko je najopasniji na Zucki BozicBagra
83%
2020te je bilo2 runde protiv kerova
67%
Koje drzave su deo Sencap Saveza?Bufolk i Pule Sifin
67%
Grupa "Crna Ruza" je osnovana 2020 i ima clanove sa vise regiona kao na primer:Novi Beograd Zuce Banjica i CG
67%
Ime "Crna Ruza" je upgrade od predhodnog imena:Sverc Ikea Olovkice
67%
Sta znaci ZONZuce Osamnaesta Nova
67%
Koliko ima Carapicevih Brestova1
50%
Kolko ima Zuckih Legena4
50%
Organizacija Passione je grupa na Robloxu iz 2020 ko je bio clan?cope bagra dovla makac
50%
OG Zucka IgraSvemirski Faks, Baba Droga, Ekskalibur Adventure
50%
Dovla jeSve navedeno
50%
Pravi Nadimci Zuckih LegendaMakac, Dovla, Cope, Bagra
17%

Score Distribution

Percentile by Number Answered

Percent of People with Each Score

Your Score History

You have not taken this quiz